000 00433nam a2200181Ia 4500
005 20240823011128.0
008 240823s9999||||xx |||||||||||||| ||und||
041 _aENGLISH
082 _A005.12 P0
100 _a"Royce,Walker"
245 0 _aSoftware Project management
250 _a1st
260 _c2000
_b"AWP,England"
500 _aTRANSFERED
650 _aSoftware
_bSoftware Engineering
942 _cBK
999 _c160621
_d160621